Kinderfilme - Statistiken

Allgemein
  • Dieses Quiz wurde 166 mal gespielt
  • Das Durchschnittsergebnis liegt bei 13 aus 17
Antwortstatistiken
Bildquiz Antwort % Korrekt
Barbie
100%
Shrek
97%
Bambi
96%
Wall-E
96%
Rapunzel
93%
Nemo
88%
Robin Hood
88%
Garfield
86%
Micky Maus
82%
Spongebob Schwammkopf
79%
Olaf
78%
Dora
77%
Baymax
61%
Stitch
58%
Buzz Lightyear
52%
Winnie Puuh
36%
Tinkerbelle
24%
Keine übereinstimmenden Quizze gefunden
Verteilung der Resultate
Anzahl Personen mit jedem Resultat
Perzentil nach korrekt beantworteten Fragen
Ihre Resultats-Entwicklung
Sie haben dieses Quiz noch nicht gespielt